[Event "RUS-chB U14"]
[Site "Dagomys"]
[Date "2009.04.22"]
[Round "8"]
[White "Yakovlev, Vladislav"]
[Black "Babaev, David"]
[Result "1/2-1/2"]
[WhiteElo "1836"]
[BlackElo "1846"]
[PlyCount "78"]
[EventDate "2009.04.15"]
[EventType "swiss"]
[EventRounds "9"]
[EventCountry "RUS"]
[SourceTitle "EXT 2012"]
[Source "ChessBase"]
[SourceDate "2011.11.24"]
[SourceVersion "1"]
[SourceVersionDate "2011.11.24"]
[SourceQuality "1"]

1. d4 e6 2. Nf3 f5 3. c4 Nf6 4. Nc3 d5 5. Bg5 c6 6. e3 Be7 7. Bd3 0-0 8. 0-0 Ne4 9. Bxe7 Qxe7 10. Ne5 Nd7 11. Nxd7 Bxd7 12. f3 Nxc3 13. bxc3 Rf6 14. Rb1 Be8 15. f4 Rh6 16. Rf2 Kh8 17. c5 g5 18. Qb3 Rb8 19. Qa4 b6 20. Qa6 gxf4 21. exf4 Qc7 22. cxb6 axb6 23. g3 Rg6 24. Kh1 h5 25. Qa3 Rg8 26. Qc1 b5 27. Qe3 Bf7 28. Qe5+ Qxe5 29. fxe5 Ra8 30. Kg2 Kh7 31. Rbb2 Ra3 32. Rb3 Rga8 33. Bb1 Kh6 34. Kf3 R3a5 35. h3 Bg6 36. Kf4 Rf8 37. h4 Be8 38. Rfb2 Bg6 39. Re2 Be8 1/2-1/2

[Event "RUS-chB U14"]
[Site "Dagomys"]
[Date "2009.04.21"]
[Round "7"]
[White "Kalinin, Ivan"]
[Black "Yakovlev, Vladislav"]
[Result "1/2-1/2"]
[WhiteElo "1873"]
[BlackElo "1836"]
[PlyCount "47"]
[EventDate "2009.04.15"]
[EventType "swiss"]
[EventRounds "9"]
[EventCountry "RUS"]
[SourceTitle "EXT 2012"]
[Source "ChessBase"]
[SourceDate "2011.11.24"]
[SourceVersion "1"]
[SourceVersionDate "2011.11.24"]
[SourceQuality "1"]

1. d4 d5 2. c4 e6 3. Nc3 Nf6 4. cxd5 exd5 5. Bf4 c6 6. e3 Bf5 7. Qb3 Qb6 8. Qxb6 axb6 9. Rc1 Na6 10. Bxa6 Rxa6 11. a4 Bb4 12. b3 Ba3 13. Rd1 Bc2 14. Rd2 Bxb3 15. Nge2 Bxa4 16. 0-0 Bb4 17. Rb2 c5 18. dxc5 bxc5 19. Na2 Rb6 20. Nxb4 cxb4 21. Ra1 Ra6 22. Rxb4 Bb5 23. Rxa6 Bxa6 24. Nd4 1/2-1/2